5HLuxD.jpg

KING HENRY VIII SENIOR AND PRIMARY SCHOOL LIBRARY OPAC

CLUMSY CRAB (Record no. 4770)

000 -LEADER
fixed length control field 00341nam a22001217a 4500
008 - FIXED-LENGTH DATA ELEMENTS--GENERAL INFORMATION
fixed length control field 250320b ||||| |||| 00| 0 eng d
020 ## - INTERNATIONAL STANDARD BOOK NUMBER
International Standard Book Number 9781845061098
082 ## - DEWEY DECIMAL CLASSIFICATION NUMBER
Classification number 823.92 GAL
100 ## - MAIN ENTRY--PERSONAL NAME
Personal name GALLOWAY,RUTH
Relator term AUTHOR
245 ## - TITLE STATEMENT
Title CLUMSY CRAB
260 ## - PUBLICATION, DISTRIBUTION, ETC.
Place of publication, distribution, etc. 1 THE CODA CENTRE,189 MUNSTER ROAD,LONDON SW6 6AW
Name of publisher, distributor, etc. LITTLE TIGER PRESS
Date of publication, distribution, etc. 2005
942 ## - ADDED ENTRY ELEMENTS (KOHA)
Source of classification or shelving scheme
Holdings
Withdrawn status Lost status Source of classification or shelving scheme Damaged status Not for loan Collection code Permanent Location Current Location Shelving location Date acquired Total Checkouts Full call number Barcode Date last seen Date last checked out Price effective from Koha item type Public note
          Fiction KH8 Primary School Library KH8 Primary School Library Fiction 2025-03-20 5 E FIC GAL KHPL000006604 2026-01-20 2026-01-13 2025-03-20 Books - Fiction KH8 PRIMARY LIBRARY

Powered By KH8 IT Dept